| 000 | 00619nam a22001217a 4500 | ||
|---|---|---|---|
| 008 | 140818b xxu||||| |||| 00| 0 eng d | ||
| 050 | _aKD276.3.L39(1878 vol.9) | ||
| 245 |
_aThe Law Reports (1878 vol.9) Chancery division: Division E.-chancery cases determined by the chancery division of the high court of justice and by the chief judge in bankruptcy and by the court of appeal on appeal from the chancery division and the chief judge and in lunacy. / _cedited by Hemming, George Wirgman. |
||
| 260 |
_aLondon: _bButterworth & Co Ltd, _c1878. |
||
| 300 |
_axiv,709p.: _c24cm. |
||
| 800 | _aHemming G. W. | ||
| 942 |
_2lcc _cBK |
||
| 999 |
_c3455 _d10955 |
||